Migración y marginalidad en la sociedad argentina

Spremljeno u:
Bibliografski detalji
Glavni autor: Margulis, Mario (autor)
Format: Knjiga
Jezik:španjolski
Izdano: Buenos Aires Paidós 1968
Teme:
Oznake: Dodaj oznaku
Bez oznaka, Budi prvi tko označuje ovaj zapis!

MARC

LEADER 00000nam a2200000 a 4500
001 UCO0232
003 CL-VaPUC
008 000420e19680000AG |||||||||||||||||spa|d
082 0 4 |a 307.740982  |b MAR  |2 21 
100 |a Margulis, Mario  |e autor  |9 441362 
245 1 0 |a Migración y marginalidad en la sociedad argentina 
300 |a 207 p 
942 |c BK 
945 |d 20000420 00:00:00  |a crobeson 
260 |a Buenos Aires  |b Paidós  |c 1968 
650 0 |a Marginalidad social   |9 256139 
650 7 |a POBLACIONES MARGINALES  |2 CL-VaPUC  |9 318603 
650 0 |a Villas miseria  |9 441363 
650 0 |a Sociología urbana  |9 268099 
651 0 |a Argentina  |9 254888 
583 |a last modification  |c 20000420 00:00:00  |k Rodrigo Vera 
999 |c 286947  |d 286945 
952 |0 0  |1 0  |4 0  |6 307_740982000000000_MAR_1968  |7 0  |8 A  |9 333227  |a BIBHIS  |b BIBHIS  |d 2019-11-20  |i 1399853  |o 307.740982 MAR 1968  |p 1399853  |r 2025-01-20  |w 2019-11-20  |y BK  |k HIS 
952 |0 0  |1 0  |4 0  |6 307_740982000000000_MAR_1968  |7 0  |8 A  |9 333228  |a BIBHIS  |b BIBHIS  |d 2019-11-20  |i 1258680  |o 307.740982 MAR 1968  |p 1258680  |r 2025-01-20  |w 2019-11-20  |y BK  |k HIS